01233nam a2200313 a 4500001001200000003000800012006001900020007001500039008004100054010001700095015001500112020001800127020001800145040002100163035002100184050002700205082001100232100003400243245004500277260005800322300001100380505015200391533015200543650003500695655002900730710001700759856012600776999001700902ebr10231142CaPaEBRm u cr cn|||||||||720412s1966 mnu s 000 0 eng d z 66013261  aGB66-14110 z9780816603725 z9780816662074 aCaPaEBRcCaPaEBR a(OCoLC)64675018114aPS3507.A666bA6 1966eb04a811.521 aDavidson, Donald,d1893-1968.10aPoems, 1922-1961h[electronic resource]. aMinneapolis :bUniversity of Minnesota Press,c[1966] a183 p.0 apt. I. Northern summers, southern autumns -- pt. II. The old war -- pt. III. What city! What land! -- pt. IV. Fugitive days -- pt. V. The tall men. aElectronic reproduction.bPalo Alto, Calif. :cebrary,d2013.nAvailable via World Wide Web.nAccess may be limited to ebrary affiliated libraries. 0aAmerican poetryy20th century. 7aElectronic books.2local2 aebrary, Inc.40uhttp://site.ebrary.com/lib/rucke/Doc?id=10231142zAn electronic book accessible through the World Wide Web; click to view c39540d39540